Tratado de cauallería a la gineta (1567-1572) / (Record no. 183330)

MARC details
000 -LEADER
campo de control de longitud fija 01314nam a2200301 i 4500
001 - NÚMERO DE CONTROL
campo de control 183330
003 - IDENTIFICADOR DE NÚMERO DE CONTROL
campo de control ES-MaACL
005 - FECHA Y HORA DE LA ÚLTIMA TRANSACCIÓN
campo de control 20250819173623.0
008 - DATOS DE LONGITUD FIJA--INFORMACIÓN GENERAL
campo de control de longitud fija 140324s2012 sp a |||| | spa d
020 ## - NÚMERO INTERNACIONAL ESTÁNDAR DEL LIBRO
Número Internacional Estándar del Libro 978-84-695-6290-1
080 ## - NÚMERO DE LA CLASIFICACIÓN DECIMAL UNIVERSAL
Número de la Clasificación Decimal Universal 636.1.088(02)"15"
080 ## - NÚMERO DE LA CLASIFICACIÓN DECIMAL UNIVERSAL
Número de la Clasificación Decimal Universal 791.862(02)"15"
100 1# - ENTRADA PRINCIPAL--NOMBRE DE PERSONA
Nombre de persona Ruiz de Villegas, Hernán.
9 (RLIN) 154606
245 10 - MENCIÓN DEL TÍTULO
Título Tratado de cauallería a la gineta (1567-1572) /
Mención de responsabilidad, etc. por Hernán Ruiz de Villegas ; estudios introductorios por Valentín Moreno Gallego y José Campos Cañizares ; transcripción y anotación del texto por Valentín Moreno Gallego.
246 3# - FORMA VARIANTE DEL TITULO
Título propio/Titulo breve Tratado de cavallería a la gineta (1567-1572)
260 ## - PUBLICACIÓN, DISTRIBUCIÓN, ETC.
Lugar de publicación, distribución, etc. Madrid :
Nombre del editor, distribuidor, etc. Unión de Bibliófilos Taurinos,
Fecha de publicación, distribución, etc. 2012.
300 ## - DESCRIPCIÓN FÍSICA
Extensión 203 p. :
Otras características físicas il. ;
Dimensiones 26 cm.
504 ## - NOTA DE BIBLIOGRAFÍA, ETC.
Nota de bibliografía, etc. Bibliografía: p. 66-69.
650 #4 - PUNTO DE ACCESO ADICIONAL DE MATERIA--TÉRMINO DE MATERIA
Término de materia o nombre geográfico como elemento de entrada Caballos-
Subdivisión general Adiestramiento-
Subdivisión de forma Obras anteriores a 1800.
9 (RLIN) 154607
650 #4 - PUNTO DE ACCESO ADICIONAL DE MATERIA--TÉRMINO DE MATERIA
Término de materia o nombre geográfico como elemento de entrada Corridas de toros-
Subdivisión de forma Obras anteriores a 1800.
9 (RLIN) 163407
700 1# - ENTRADA AGREGADA--NOMBRE PERSONAL
Nombre de persona Campos Cañizares, José.
9 (RLIN) 138349
700 1# - ENTRADA AGREGADA--NOMBRE PERSONAL
Nombre de persona Moreno Gallego, Valentín,
Fechas asociadas al nombre 1966-
9 (RLIN) 147408
710 2# - ENTRADA AGREGADA--NOMBRE DE ENTIDAD CORPORATIVA
Nombre de entidad corporativa o nombre de jurisdicción como elemento de entrada Unión de Bibliófilos Taurinos.
9 (RLIN) 7005
852 ## - LOCALIZACIÓN
Ubicación ES-MaACL
Número de control de estantería A-13069
itemnumber 190269
Sublocalización o colección R.149924
Ubicación en estantería Depósito 1
Signatura antigua Olim: N-6069
Donativo/Legado Donación: José Campos
903 ## - NOMBRE PERSONAL DE DONANTE
9 138349
a Campos Cañizares, José
e Donante
942 ## - ELEMENTOS DE ENTRADA SECUNDARIOS (KOHA)
Fuente del sistema de clasificación o colocación Clasificación decimal universal
Tipo de ítem Koha Libro impreso
Holdings
Estatus retirado Estado de pérdida Fuente del sistema de clasificación o colocación Estado de daño No para préstamo Biblioteca de origen Biblioteca actual Ubicación en estantería Fecha de adquisición Fuente de adquisición Total de préstamos Signatura topográfica completa Código de barras Visto por última vez Precio de reemplazo Tipo de ítem Koha
    Clasificación decimal universal     Biblioteca del Ateneo de Madrid Biblioteca del Ateneo de Madrid Depósito 1 24/03/2014 Donación   A-13069 1192696 23/02/2023 23/02/2023 Libro impreso